In Memoriam

I tiakina i:
Ngā taipitopito rārangi puna kōrero
Ngā kaituhi matua: Anderson de Hernández, Blanca (Author), Reed, Edwyn P (Author)
Hōputu: Pukapuka
Reo:Pāniora
I whakaputaina: Valparaíso Imprenta Victoria 1934
Putanga:1a. ed
Ngā marau:
Ngā Tūtohu: Tāpirihia he Tūtohu
Kāore He Tūtohu, Me noho koe te mea tuatahi ki te tūtohu i tēnei pūkete!

MARC

LEADER 00000cam a2200000 a 4500
001 UCJ4777
003 CL-VaPUC
008 070124e19340308CL |||||||||||||||||spa|d
082 0 4 |a 923  |b HER  |2 21 
100 0 |a Anderson de Hernández, Blanca  |e author  |9 509085 
700 0 |a Reed, Edwyn P  |e author  |9 509086 
245 1 0 |a In Memoriam 
246 1 0 |a Escrito e impreso para la circulación privada 
246 1 0 |a Roberto Hernández Anderson 
246 1 0 |a Homenaje filial en el primer aniversario de su muerte 
250 |a 1a. ed 
300 |a 212 p 
942 |c BK 
945 |d 20070124 00:00:00  |a rinostro 
260 |a Valparaíso  |b Imprenta Victoria  |c 1934 
500 |a Front., fotografía de Roberto Hernández Anderson; en el interior, fotografías del mismo en diversas etapas de su vida; ídem, fotografía con su madre 
500 |a Nació el 19 de enero de 1910. Murió el 8 de marzo de 1933. Vivió 23 años, 1 mes y 18 días 
600 0 |a HERNANDEZ CORNEJO, ROBERTO  |9 438279 
600 0 7 |a HERNANDEZ ANDERSON, ROBERTO  |2 CL-VaPUC  |9 509087 
600 0 7 |a ANDERSON DE HERNANDEZ, BLANCA  |2 CL-VaPUC  |9 509088 
650 7 |a BIOGRAFIA  |2 CL-VaPUC  |9 504622 
650 0 |a Iconografía   |9 267998 
650 7 |a NECROLOGIA  |2 CL-VaPUC  |9 504408 
650 0 |a Poesía   |9 265825 
650 7 |a BIBLIOGRAFIA  |2 CL-VaPUC  |9 256175 
650 7 |a PIRATAS  |2 CL-VaPUC  |9 317855 
650 7 |a LEYENDAS  |2 CL-VaPUC  |9 265258 
650 7 |a HOMILIA FUNEBRE  |2 CL-VaPUC  |9 507452 
583 |a last modification  |c 20171229 10:27:11  |k Rodrigo Vera 
999 |c 320892  |d 320890 
952 |0 0  |1 0  |4 0  |6 923_000000000000000_HER_1934  |7 0  |8 X  |9 399514  |a FDOBUD  |b FDOBUD  |d 2019-11-22  |i 1025821  |o 923 HER 1934  |p 1025821  |r 2019-11-22  |w 2019-11-22  |y BK_X  |k BUD 
952 |0 0  |1 0  |4 0  |6 923_000000000000000_HER_1934  |7 0  |8 X  |9 399515  |a FDOBUD  |b FDOBUD  |d 2019-11-22  |i 1034227  |o 923 HER 1934  |p 1034227  |r 2019-11-22  |w 2019-11-22  |y BK_X  |k BUD 
952 |0 0  |1 0  |3 erd  |4 0  |6 923_000000000000000_HER_1934  |7 0  |8 X  |9 399516  |a FDOBUD  |b FDOBUD  |i 5445027  |o 923 HER 1934  |p 5445027  |r 2019-11-22  |w 2019-11-22  |y BK_X  |z Catalogado en:20171230  |k BUD